Rhymes with 'ACK!' Quiz Stats

 Plays Quiz Updated Sep 23, 2014

Also try: Rhymes with 'Mind'
Challenge
Share
Tweet
Embed
Score 0/34 Timer 05:00
3 Plays Today
% Correct
back
97.8%
tack
95.1%
lack
94.3%
rack
93.2%
mac
93%
pack
92.9%
hack
92.4%
sack
90.2%
black
87.5%
crack
87.3%
jack
86.9%
track
85.1%
sac
85%
stack
83.4%
slack
83.4%
clack
80.5%
lac
80.1%
% Correct
smack
76.9%
shack
76.4%
knack
75%
yak
74.5%
whack
74%
snack
72.3%
wack
71.3%
quack
68.8%
flack
64.5%
plaque
60.1%
wrack
47.9%
flak
21.6%
thwack
20.8%
claque
20.6%
sacque
5.7%
tach
4.6%
lakh
2%

You're not logged in!

Compare scores with friends on all Sporcle quizzes.
OR
Log In

You Might Also Like...

Show Comments

Extras

Top Quizzes Today


Score Distribution

Your Account Isn't Verified!

In order to create a playlist on Sporcle, you need to verify the email address you used during registration. Go to your Sporcle Settings to finish the process.

Report this User

Report this user for behavior that violates our Community Guidelines.

Details: